000 00413nam a2200133Ia 4500
008 100328s9999 xx 000 0 und d
082 _b47674
100 _aमहाम्बरे गंगाधर
245 _aभेटीलागी जीवा
260 _bनिशिराज
630 _aभेटीलागी जीवा
730 _aभेटीलागी जीवा
942 _cBOOK
999 _c535416
_d535413